00813nam a22001097a 4500040000800000082002700008100001800035245051100053260002600564300002600590856008700616 cRUA aFOR SOK 2013 B142 Or.1 aSOK, BUNHENG. aExtermination of eucalyptus's new shoot emergence from the root collar after tree logging using difference applications of glyphosate at camagra investment, ការបំបៅនូវដំណុះខ្នែងថ្មីតាមគល់ចាស់ដើមប្រេងខ្យល់បន្ទាប់ពីប្រមូលផល ដោយវិធានសារធាតុ Glyphosate នៅក្រុមហ៊ុនCamAgra Investment Groupខេត្តព្រះសីហនុ aPhnom PenhbRUAc2013 axi; 43p.bill.c29cm. uhttps://drive.google.com/file/d/1Iat47GrLoPdZjrBg4SqA4Yk2CfP3pRIQ/view?usp=sharing